Let's go back to the Bible. (Record no. 12034)

000 -LEADER
fixed length control field 00652nam a2200193 a 4500
001 - CONTROL NUMBER
control field :::00009836$&:&@@
003 - CONTROL NUMBER IDENTIFIER
control field OkBaRHE
005 - DATE AND TIME OF LATEST TRANSACTION
control field 20000607103353.0
008 - FIXED-LENGTH DATA ELEMENTS--GENERAL INFORMATION
fixed length control field s1939 j 000 0 eng u
040 ## - CATALOGING SOURCE
Transcribing agency
100 1# - MAIN ENTRY--PERSONAL NAME
Personal name Houghton, Will H.
245 10 - TITLE STATEMENT
Title Let's go back to the Bible.
260 ## - PUBLICATION, DISTRIBUTION, ETC. (IMPRINT)
Place of publication, distribution, etc New York, NY., :
Name of publisher, distributor, etc Fleming G. Revell Company
Date of publication, distribution, etc c1939
300 ## - PHYSICAL DESCRIPTION
Extent 156 p. ;
Dimensions 20 cm.
650 ## - SUBJECT ADDED ENTRY--TOPICAL TERM
Topical term or geographic name as entry element Sermons, American
942 ## - ADDED ENTRY ELEMENTS (KOHA)
Source of classification or shelving scheme
Koha item type Books
Copies
Source of classification or shelving scheme Lost status Barcode Price effective from Damaged status Date last seen Full call number Shelving location Not for loan Koha item type Copy number Date acquired Withdrawn status Permanent Location
  98362010-04-14 2010-04-14BV 4241 .H581General Stacks Books12010-04-14 RHEMA Bible Training College
  197322010-04-14 2010-04-14BV 4241 .H581General Stacks Books22010-04-14 RHEMA Bible Training College